[Event "Helsinki op"]
[Site "Helsinki"]
[Date "1992.??.??"]
[Round "8"]
[White "Lerner, Konstantin Z"]
[Black "Makarov, Marat"]
[Result "1-0"]
[WhiteElo "2530"]
[BlackElo "2510"]
[Annotator "Ftacnik,L"]
[PlyCount "71"]
[EventDate "1992.09.??"]
[EventType "swiss"]
[EventRounds "9"]
[EventCountry "FIN"]
[SourceTitle "CBM 032"]
[Source "ChessBase"]
[SourceDate "1993.02.01"]
[SourceVersion "1"]
[SourceVersionDate "1993.02.01"]
[SourceQuality "1"]

1. c4 {Hansen,Cu} Nf6 2. Nc3 e6 3. d4 Bb4 4. e3 c5 5. Bd3 Nc6 6. Nge2 cxd4 7.
exd4 d5 8. cxd5 Nxd5 9. O-O O-O 10. Qc2 h6 (10... Nf6 11. a3 Be7 12. Rd1 h6 13.
Bf4 $1 Re8 14. Bc4 $1 Bf8 15. h3 Nd5 16. Bg3 Bd6 17. Rac1 Nce7 18. Ba2 Nxc3 19.
Qxc3 Bxg3 20. Nxg3 Nd5 $8 21. Qf3 $1 b6 22. Bxd5 Qxd5 23. Qxd5 exd5 24. Rc7 $14
{Speelman,J-Salov,V/Linares/1992/}) 11. Rd1 (11. Nxd5 exd5 12. Be3 Re8 13. Qb3
(13. a3 {Hansen,Cu} Bd6 $10 {Kelecevic,N-Ribli,Z Lugano 1985 inf. 39/708})
13... Bd6 14. Ng3 Be6 15. Bc2 Nb4 16. Bb1 Bf8 17. a3 Nc6 18. Qd3 g6 $10 {
Kelecevic,N-Ribli,Z/Lugano op/1985/}) (11. a3 Be7 (11... Bd6 12. Ne4 Bc7 13.
Rd1 Qh4 14. g3 Qh5 15. N4c3 Nxc3 16. Nxc3 e5 17. Be2 Bf5 18. Qb3 Bg4 19. Bxg4
Qxg4 20. Qxb7 Nxd4 21. Qxc7 Rac8 22. Qb7 Rxc3 $10 {Speelman,J-Gurevich,M/
Munich/1992/}) 12. Rd1 Bf6 13. Bc4 Nce7 14. Qe4 Re8 15. Nf4 Nxc3 16. bxc3 Nf5
17. Ba2 Rb8 18. Nh5 b5 19. Bf4 Rb6 20. Rd3 Bg5 21. Re1 Bb7 22. Qe5 Bxf4 23.
Nxf4 Kf8 24. h3 Qb8 25. Qc5+ Qd6 26. Re5 $36 {Vyzmanavin,A-Dolmatov,S/Irkutsk/
1986/}) 11... Bd6 (11... Nce7 12. Nf4 Bd6 13. Nfxd5 Nxd5 14. Qe2 Re8 15. Nxd5 {
0,5/Speelman,J-Polugaevsky,L/Moskva/1985/}) 12. Be4 (12. a3 Bd7 (12... Nce7 13.
Be4 Nf6 14. Bf3 Qc7 15. g3 Bd7 16. Bf4 Bc6 17. Nb5 Qb6 18. Bxc6 Bxf4 19. Nxf4
Nxc6 20. Qc5 $1 Rfd8 21. Rac1 Rd7 22. Qxb6 axb6 23. Rd3 $1 Rad8 24. Rb3 Ne4 $1
25. Ne2 e5 26. dxe5 $2 $17 {Milos,G-Portisch,L/Szirak izt/1987/}) 13. Nxd5 exd5
14. Bf4 Bg4 15. Bxd6 Qxd6 16. Qc5 Qf6 17. h3 {0,5/Chernin,A-Geller,E/Sochi/
1986/} (17. h3 {Hansen,Cu} Bxe2 {1/2-1/2 Chernin,A-Geller,E Sochi 1986 inf. 42/
672})) 12... Nce7 13. Qb3 b6 (13... Qc7 14. h3 Rd8 15. Nb5 Qb6 16. Bd2 $13) (
13... Nf6 {Hansen,Cu} 14. Bf3 $14 {/\Bf4}) 14. Bxd5 exd5 15. Bf4 Bg4 16. f3 Be6
17. Rac1 a6 (17... Rc8 18. Nb5 $36) 18. Na4 Rb8 19. Qd3 Ra8 (19... b5 20. Nc5
$16) (19... Bxf4 {Hansen,Cu} 20. Nxf4 Bd7 21. Nc3 a5 $14 22. Ncxd5 $2 Nxd5 23.
Nxd5 Ba4 24. b3 Qxd5 25. bxa4 Qxa2 $10) 20. Bxd6 Qxd6 21. Qa3 $5 Rfd8 (21...
Qxa3 22. bxa3 Rab8 23. Rc7 Nf5 24. Rb1 $16) 22. Qxd6 (22. Nxb6 $6 {Hansen,Cu}
Qxb6 23. Qxe7 Qxb2 24. Nf4 Re8 $15) 22... Rxd6 23. Rc7 Nc8 (23... Bd7 $2 {
Hansen,Cu} 24. Rxd7 Rxd7 25. Nxb6 $18) (23... Kf8 $8 {Hansen,Cu}) 24. Rdc1 Bd7
25. b3 Rb8 26. Kf2 (26. Nc5 $2 {Hansen,Cu} bxc5 27. dxc5 Re6) 26... Kf8 (26...
Bxa4 $2 27. Rxc8+ Rxc8 28. Rxc8+ $18) (26... Ne7 {Hansen,Cu} 27. Nc5 $16) 27.
Nc5 $1 Bb5 (27... bxc5 28. dxc5 $18) 28. Nb7 Rd7 (28... Rxb7 29. Rxb7 Rd8 30.
Rcc7 $18) 29. Rxc8+ Rxc8 30. Rxc8+ Ke7 31. Rb8 Rc7 (31... Bc6 32. Nd8 Rxd8 33.
Rxb6 $18) 32. Nf4 Rc2+ 33. Kg3 Kd7 34. Nxd5 Rd2 35. Rd8+ Kc6 36. Nd6 (36. Nd6
Kxd5 37. Nc4+ $18) 1-0

[Event "Nabereznye Chelny"]
[Site "Nabereznye Chelny"]
[Date "1993.??.??"]
[Round "?"]
[White "Lempert, Igor"]
[Black "Arkhipov, Sergey"]
[Result "0-1"]
[WhiteElo "2455"]
[BlackElo "2520"]
[Annotator "Ftacnik,L"]
[PlyCount "88"]
[EventDate "1993.??.??"]
[EventType "tourn"]
[EventRounds "13"]
[EventCountry "RUS"]
[EventCategory "7"]
[SourceTitle "CBM 037"]
[Source "ChessBase"]
[SourceDate "1993.12.01"]
[SourceVersion "1"]
[SourceVersionDate "1993.12.01"]
[SourceQuality "1"]

1. d4 {Chekhov} Nf6 2. c4 e6 3. Nc3 Bb4 4. e3 O-O 5. Bd3 c5 6. Nge2 d5 7. cxd5
cxd4 8. exd4 Qxd5 (8... Nxd5 {Chekhov} 9. O-O Nc6 10. Qc2 Nf6 (10... h6 11. a3
Be7 12. Rd1 Bf6 13. Bc4 Nce7 14. Qe4 Re8 15. Nf4 Nxc3 16. bxc3 Nf5 17. Ba2 Rb8
18. Nh5 b5 19. Bf4 $36 {Vyzmanavin,A-Dolmatov,S Irkutsk 1986; 11...Bd6!?/}) 11.
a3 Be7 12. Rd1 h6 13. Bf4 $1 Re8 14. Bc4 $1 $14 {Speelman,J-Salov,S Linares
1992; 10.Bc2!?/}) 9. O-O Qh5 10. Ne4 Nxe4 11. Bxe4 Bd6 (11... Nc6 12. Qd3 Bd6
13. Nf4 Bxf4 14. Bxf4 Rd8 15. Qe3 $1 Nb4 $1 16. Qg3 $1 Nd5 {/\ Bd7-c6=} 17. Be5
Qh6 18. Qb3 $1 b6 19. Rad1 $1 Ba6 20. Rfe1 $16 {Gurevich,M-Benjamin,Joe/Moscow/
1987/1-0 (41)}) 12. Bf4 Bxf4 13. Nxf4 Qxd1 (13... Qh6 14. Qf3 Nc6 15. Bxc6 bxc6
16. Rfd1 Rb8 17. Nd3 Qf6 18. Qxf6 gxf6 19. Rac1 Rd8 20. Rxc6 Rxd4 21. b3 Bb7
22. Rc7 a6 23. Nb2 Rg4 24. g3 $14 {Galliamova Ivanchuk,A-Arkhipov,S/Nabereznye
Chelny/1993/0.5 (47)}) (13... Qg5 14. Qf3 Nd7 15. Rac1 Qb5 16. b3 Nf6 17. Rc5
Qd7 18. Rd1 Rb8 19. Nh5 Nxh5 20. Qxh5 f5 21. Bf3 b6 22. Re5 Qd6 23. Qg5 Bb7 24.
Bxb7 $14 {Lerner,K-Benjamin,Joe/Moscow-A/1987/0.5 (43)}) 14. Rfxd1 Nd7 15. Rac1
Nf6 16. Bf3 Rd8 17. h4 (17. Rc7 Ne8 (17... Rb8 {Chekhov /\Ne8/}) 18. Rc5 Rb8
$13) 17... Rb8 18. g4 Bd7 19. g5 (19. Rc7 Ba4 (19... Ne8 $1 {Chekhov} 20. Rxb7
Rxb7 21. Bxb7 Rb8 22. Bf3 Rxb2 $17) 20. b3 Rd7 21. Rxd7 Bxd7) 19... Ne8 20. d5
(20. Nd3 {Chekhov} b6 21. d5 $10) 20... e5 $1 21. Nd3 f6 22. d6 (22. Nc5 Nd6
$10 (22... Nd6 {Chekhov} 23. Ne4 Bf5 24. Nxd6 Rxd6 25. Rc7 Bd7 {/\f5,Kf7,Kf6/})
) 22... Bf5 23. Bd5+ Kh8 (23... Kf8 24. Nc5 (24. Rc7 $1 {Chekhov}) 24... Nxd6
25. Be6 $1 $36) 24. Rc7 Rxd6 (24... Nxd6 25. Nc5 b6 26. Na6 Nb5 $1) 25. Rf7 (
25. Rxb7 $2 Rxb7 26. Bxb7 Rxd3 $19) 25... Nc7 $1 26. Bb3 (26. Rxc7 Rxd5 $19)
26... Nb5 27. Nxe5 (27. gxf6 {Chekhov} gxf6 28. Nxe5 fxe5 29. Rxf5 Nd4 30. Rh5
(30. Rf7 Rg8+ 31. Kf1 Rdg6 32. Ke1 Rg1+ 33. Kd2 Nxb3+ 34. axb3 Rd8+ $19) 30...
Rf8 $36) 27... Rxd1+ 28. Bxd1 Nd6 $1 (28... fxe5 29. Rxf5) 29. gxf6 Nxf7 30.
Nxf7+ Kg8 31. Bb3 (31. Nd6 Be6 $17) 31... Kf8 32. Nd6 Bg6 33. fxg7+ Kxg7 34.
Kh2 Kf6 35. Kg3 b6 36. Nb5 Be8 37. Bc4 (37. Nxa7 $2 Ra8 $19) 37... Bf7 38. Bd3
(38. Bxf7 Kxf7 39. Nxa7 Ra8 40. Nb5 Rxa2 $19) 38... Bg6 39. Bc4 Rb7 40. Nc3 Rd7
41. a4 Rd4 42. Bf1 Ke5 43. Be2 Bc2 44. Bb5 Rb4 0-1

[Event "Elenite"]
[Site "Elenite"]
[Date "1994.??.??"]
[Round "2"]
[White "Vyzmanavin, Alexey"]
[Black "Gurevich, Mikhail"]
[Result "1/2-1/2"]
[WhiteElo "2610"]
[BlackElo "2620"]
[Annotator "Ftacnik,L"]
[PlyCount "25"]
[EventDate "1994.??.??"]
[EventType "tourn"]
[EventRounds "9"]
[EventCountry "BUL"]
[EventCategory "15"]
[SourceTitle "CBM 044"]
[Source "ChessBase"]
[SourceDate "1995.02.01"]
[SourceVersion "1"]
[SourceVersionDate "1995.02.01"]
[SourceQuality "1"]

1. d4 Nf6 2. c4 e6 3. Nc3 Bb4 4. e3 c5 5. Bd3 Nc6 6. Nge2 cxd4 7. exd4 d5 8.
cxd5 Nxd5 9. O-O O-O 10. Be4 Bd6 $1 11. Bxd5 (11. g3 Nf6 12. Bg2 Bd7 13. Be3
Qa5 14. a3 Rfd8 15. h3 Qh5 $132 {Zysk,R-Kindermann,S/BL/1994/;}) (11. Qd3 Nf6
$1 12. Bg5 (12. Bf3 e5 $1 13. d5 Nb4 $13) 12... h6 13. Bh4 Be7 $10 14. Bf3 Ne5
15. Qe3 Nxf3+ 16. Qxf3 Nd5 17. Bxe7 Nxe7 $10) (11. Nxd5 $6 exd5 12. Bxd5 Bxh2+
13. Kxh2 Qxd5 $15) 11... exd5 12. Bf4 (12. Qb3 Be6 13. Qxb7 Nb4 $10 {/\ 14...
Rb8 15.Qa7 Ra8}) 12... Bb4 $1 (12... Be7 13. Qb3 $14) 13. a3 (13. a3 Bxc3 14.
Nxc3 Be6 $10) 1/2-1/2

[Event "Hoogovens-B"]
[Site "Wijk aan Zee"]
[Date "1990.01.??"]
[Round "7"]
[White "Fedorowicz, John P"]
[Black "Van der Sterren, Paul"]
[Result "1-0"]
[WhiteElo "2560"]
[BlackElo "2515"]
[Annotator "Ftacnik,L"]
[PlyCount "89"]
[EventDate "1990.01.??"]
[EventType "tourn"]
[EventRounds "11"]
[EventCountry "NED"]
[EventCategory "9"]
[SourceTitle "CBM 017"]
[Source "ChessBase"]
[SourceDate "1990.08.01"]
[SourceVersion "1"]
[SourceVersionDate "1990.08.01"]
[SourceQuality "1"]

1. d4 Nf6 2. c4 e6 3. Nc3 Bb4 4. e3 O-O 5. Bd3 d5 6. cxd5 exd5 7. Nge2 c5 8. a3
cxd4 9. exd4 Bd6 10. O-O Nc6 11. f3 Nh5 {N} (11... h6 12. Kh1 Nh5 13. Qe1 f5
14. Nxd5 Bxh2 15. Kxh2 Qxd5 16. Qh4 f4 17. Bg6 Qe6 18. Qxh5 Qxe2 $10 {Tal,
M-Sax,G/Subotica izt/1987/ ->CBM 03}) 12. g4 Qh4 13. Rf2 Nf6 14. Bf4 $1 Bxf4
15. Nxf4 Qg5 (15... Nxd4 16. Ng2 Qh3 17. Bxh7+ Qxh7 18. Qxd4 $16) 16. Ng2 Nxd4
17. h4 Qe5 18. g5 Ne8 19. f4 Qd6 20. Bxh7+ Kxh7 21. Qxd4 $16 Nc7 22. f5 Bd7 23.
f6 g6 24. h5 $1 Qg3 25. hxg6+ fxg6 26. Qf4 Qxf4 27. Nxf4 d4 (27... Bc6 28. Rh2+
Kg8 29. Nxg6) 28. Rd1 Bf5 29. Rxd4 Rae8 30. Rfd2 Kg8 31. Re2 Rxe2 32. Ncxe2 Ne6
33. Nxe6 Bxe6 34. Re4 Bf7 35. Nc3 Rd8 36. Kf2 b6 37. Ke3 Rc8 38. Re5 Rc4 39.
Ne4 Rc2 40. Nd6 Rxb2 41. Re7 Ba2 42. Rxa7 Rb3+ 43. Kd4 Rf3 44. Rg7+ Kf8 45. Rb7
{Ftacnik,L} (45. Rb7 Kg8 46. Rxb6 Rxa3 47. Rb8+ Kh7 48. f7 $18) 1-0

[Event "Interzonal-15"]
[Site "Manila"]
[Date "1990.??.??"]
[Round "11"]
[White "Dzindzichashvili, Roman"]
[Black "Sokolov, Andrei"]
[Result "1/2-1/2"]
[WhiteElo "2560"]
[BlackElo "2570"]
[Annotator "Ftacnik,L"]
[PlyCount "120"]
[EventDate "1990.06.29"]
[EventType "swiss"]
[EventRounds "13"]
[EventCountry "PHI"]
[SourceTitle "CBM 019"]
[Source "ChessBase"]
[SourceDate "1990.12.01"]
[SourceVersion "1"]
[SourceVersionDate "1990.12.01"]
[SourceQuality "1"]

1. d4 Nf6 2. c4 e6 3. Nc3 Bb4 4. e3 O-O 5. Bd3 c5 6. Nge2 d5 7. cxd5 cxd4 8.
exd4 Nxd5 9. O-O Nc6 10. a3 Be7 11. Bc2 Re8 12. Qd3 g6 13. Qf3 $5 (13. Rd1)
13... Bf6 14. Rd1 Bg7 $10 15. Be4 Nxc3 16. bxc3 Bd7 17. Qg3 Rc8 18. Bg5 Qc7 19.
Qh4 Na5 20. Bf6 (20. Rd3 $2 Bb5 21. Rh3 h5 $19) 20... Bxf6 21. Qxf6 Qd8 (21...
Bb5 22. Bd3) 22. Qf3 (22. Qf4 Bb5 23. Bd3 Bxd3 24. Rxd3 e5 $1 $17) 22... Ba4
23. Re1 Re7 $1 $15 24. h4 Rec7 25. h5 (25. Qg3 Bb5 $1) 25... Qg5 26. hxg6 hxg6
27. Qh3 Bb5 28. Bd3 Bxd3 29. Qxd3 Nc4 $17 30. a4 Nd6 31. Reb1 Kg7 32. Qe3 $6
Qxe3 33. fxe3 b6 $1 34. a5 bxa5 $1 35. Rxa5 (35. Rb3 Nc4 {/\ Rc6-b6-+}) 35...
Nc4 36. Ra6 Nxe3 37. Rba1 Nd5 38. Rxa7 Nxc3 39. Rxc7 Nxe2+ 40. Kf2 Rxc7 41.
Kxe2 Rc2+ 42. Kf3 Rd2 43. Ra4 Kf6 $19 44. Rb4 Kg5 45. Ra4 f5 46. Rb4 (46. g3
Rd3+ 47. Kf2 Kf6 48. Rb4 g5 49. Ra4 g4 {/\ Ke7-d6-d5}) 46... Kf6 47. g4 Rd3+ $2
(47... Kg5 $1 48. gxf5 exf5 49. Ke3 Rd1 50. Ke2 Ra1 51. d5 Ra8 52. Rd4 Kf6 53.
d6 Rd8 54. d7 Ke7 $19) 48. Ke2 Ra3 49. Rb6 $1 $10 Ra5 50. gxf5 Kxf5 {R 5/e} 51.
Rb8 $1 Ra2+ 52. Ke3 Ra3+ 53. Kf2 g5 54. Rf8+ Kg4 55. Rf6 Ra6 56. Ke3 Kg3 57.
Ke4 g4 58. Ke5 Ra5+ 59. Ke4 (59. Kxe6 $4 Ra6+ 60. Ke5 Rxf6 61. Kxf6 Kf4 $19)
59... Ra6 60. Ke5 Ra5+ 1/2-1/2

[Event "Dortmund-A"]
[Site "Dortmund"]
[Date "1991.??.??"]
[Round "2"]
[White "Knaak, Rainer"]
[Black "Chernin, Alexander"]
[Result "1/2-1/2"]
[WhiteElo "2515"]
[BlackElo "2610"]
[Annotator "Ftacnik,L"]
[PlyCount "45"]
[EventDate "1991.03.23"]
[EventType "tourn"]
[EventRounds "9"]
[EventCountry "GER"]
[EventCategory "12"]
[SourceTitle "CBM 023"]
[Source "ChessBase"]
[SourceDate "1991.08.01"]
[SourceVersion "1"]
[SourceVersionDate "1991.08.01"]
[SourceQuality "1"]

1. d4 Nf6 2. c4 e6 3. Nc3 Bb4 4. e3 O-O 5. Bd3 c5 6. Nge2 d5 7. cxd5 cxd4 8.
exd4 Nxd5 9. a3 Bd6 (9... Be7 10. Bc2 Nc6 11. Qd3 g6 12. h4 Nxc3 13. bxc3 e5
14. Qg3 exd4 15. h5 Bd6 16. Bf4 Bxf4 17. Nxf4 g5 18. O-O Kh8 $15 {Marin,
M-Gavrikov,V/Tallin/1989/}) 10. Bc2 Nxc3 11. Qd3 g6 (11... Ne4 12. Qxe4 g6 13.
h4 $40) 12. bxc3 e5 13. Qf3 exd4 14. cxd4 Nc6 15. O-O Qh4 16. h3 (16. g3 Nxd4
17. Nxd4 Qxd4 18. Bh6) 16... Nxd4 17. Nxd4 Qxd4 18. Bh6 Re8 19. Rad1 Qe5 20.
Rxd6 $3 Qxd6 21. Bb3 Qe7 $8 (21... Be6 22. Qf6 $18) (21... Rf8 22. Qc3 $18) (
21... Re7 22. Rd1 Qb6 23. Qf6 $1 Qxf6 24. Rd8+ $18) 22. Bg5 Qf8 (22... Qc7 23.
Qf6 Be6 24. Bh6 $18) 23. Bh6 {Ftacnik,L} 1/2-1/2

[Event "Munich SKA"]
[Site "Munich"]
[Date "1992.??.??"]
[Round "1"]
[White "Speelman, Jonathan S"]
[Black "Gurevich, Mikhail"]
[Result "1/2-1/2"]
[WhiteElo "2630"]
[BlackElo "2635"]
[Annotator "Ftacnik,L"]
[PlyCount "45"]
[EventDate "1992.05.??"]
[EventType "tourn"]
[EventRounds "11"]
[EventCountry "GER"]
[EventCategory "14"]
[SourceTitle "CBM 030"]
[Source "ChessBase"]
[SourceDate "1992.10.01"]
[SourceVersion "1"]
[SourceVersionDate "1992.10.01"]
[SourceQuality "1"]

1. d4 Nf6 2. c4 e6 3. Nc3 Bb4 4. e3 c5 5. Bd3 Nc6 6. Nge2 cxd4 7. exd4 d5 8.
cxd5 Nxd5 9. O-O O-O 10. Qc2 h6 11. a3 (11. Rd1 Nce7 12. Nf4 Bd6 13. Nfxd5 Nxd5
14. Qe2 Re8 15. Nxd5 {0,5/Speelman,J-Polugajevsky,L/Moskva/1985/}) 11... Bd6
12. Ne4 (12. Rd1 Nce7 (12... Bd7 13. Nxd5 exd5 14. Bf4 Bg4 $10 {Chernin,
A-Geller,E/Sochi/1986/}) 13. Be4 Nf6 14. Bf3 Qc7 15. g3 Bd7 16. Bf4 Bc6 17. Nb5
Qb6 18. Bxc6 Bxf4 19. Nxf4 Nxc6 $10 {Milos-Portisch,L/Szirak izt/1987/}) 12...
Bc7 13. Rd1 Qh4 14. g3 (14. N4g3 Nf6 $132) 14... Qh5 15. N4c3 Nxc3 16. Nxc3 (
16. bxc3 Bd7 17. Nf4 Qa5 $13) 16... e5 (16... Nxd4 $2 17. Bh7+ Kh8 18. Rxd4 g6
19. Rh4 $18) 17. Be2 Bf5 (17... Bg4 18. dxe5 Bxe5 19. Be3 Rad8 $10) 18. Qb3 (
18. Bxh5 Bxc2 19. Rd2 Nxd4 $19) 18... Bg4 19. Bxg4 Qxg4 20. Qxb7 (20. d5 Nd4
21. Qxb7 Ba5 22. b4 Nf3+ 23. Kf1 Qc4+ 24. Ne2 Nxh2+ 25. Kg2 Qxe2 $19) 20...
Nxd4 21. Qxc7 Rac8 22. Qb7 Rxc3 23. Rxd4 {Ftacnik,L} (23. bxc3 Qxd1+ 24. Kg2
Nc2 25. Rb1 Ne1+ 26. Kf1 Nd3+ 27. Kg2 Nxc1 $19) (23. Rxd4 Rxc1+ 24. Rxc1 Qxd4
$10) 1/2-1/2

[Event "Biel Credit Suisse"]
[Site "Biel"]
[Date "1997.07.21"]
[Round "1"]
[White "Milov, Vadim"]
[Black "Gelfand, Boris"]
[Result "0-1"]
[WhiteElo "2635"]
[BlackElo "2695"]
[Annotator "Gelfand,B"]
[PlyCount "100"]
[EventDate "1997.07.20"]
[EventType "tourn"]
[EventRounds "10"]
[EventCountry "SUI"]
[EventCategory "17"]
[SourceTitle "CBM 060"]
[Source "ChessBase"]
[SourceDate "1997.09.29"]
[SourceVersion "1"]
[SourceVersionDate "1997.09.29"]
[SourceQuality "1"]

1. d4 Nf6 2. c4 e6 3. Nc3 Bb4 4. e3 c5 5. Bd3 Nc6 6. Nge2 cxd4 7. exd4 d5 8.
cxd5 Nxd5 9. a3 Bd6 10. Ne4 Be7 11. Bc2 O-O (11... Qc7 12. Qd3) (11... Qa5+ 12.
N4c3 (12. Bd2 Qb6)) 12. Qd3 Qc7 (12... e5 13. N4c3 $1) 13. O-O {So, White
decided to transpose to a well-known theoretical position, as it is not clear
what can be achieved by leaving the King in the centre.} (13. Bf4 Qb6 $13) (13.
h4 f5 14. N4c3 (14. Ng5 $2 Ncb4) 14... Nxc3 15. bxc3 Bd6 $132 (15... e5 $2 16.
Qc4+ Kh8 17. d5)) 13... Rd8 {This set-up ( Qc7 and Rd8 ) was invented by V.
Ivanchuk in his game against I.Rogers (Moscow ol,1994)} 14. Ng5 g6 15. Bb3 (15.
Qf3 Bf6 16. Rd1 Bg7 $15 17. Bb3 h6 18. Ne4 Nce7 {0-1 Rogers,I-Ivanchuk,V/
Moscow olm (03) AUS-UKR ;CBM 45 1994 (34)}) 15... Bf8 $5 $146 {A new move,
compared to Kamsky-Karpov game. I think that the Knight is well-placed on d5
and should only move to f6 if necessary. It looks like the 12th World champion
agrees, as he followed me a few rounds later.} (15... Nf6 16. Rd1 Bf8 {/\
Be7-f8-g7; x d4} (16... Kg7 {Karpov} 17. Qh3 $1 e5 18. Qh6+ $3 Kxh6 19. Ne6+ g5
20. Nxc7) 17. Bf4 Qe7 {/\ b7-b6, Bc8-b7, Bf8-g7, Ra8-c8} (17... Qa5 $6 {Karpov}
) (17... Qb6 $6 {Karpov}) 18. Qe3 $6 (18. Qf3 Bg7 19. Rac1 Nd5 $132) (18. Nf3
$5 Bg7 19. Bg5 $5 {(/\Qd3-e3-f4)} (19. Ne5 Nxe5 20. Bxe5 Bd7 21. Nc3 Bc6 $132)
19... e5 20. Qe3 exd4 21. Qxe7 Nxe7 22. Ne5 $5 $36) (18. Rac1 {Karpov x Bc8})
18... Nd5 {Kamsky,G-Karpov,An (14)/Fide-Wch (Elista),1996}) 16. Rd1 (16. Qh3
Nf6 17. Nf3 Qb6 18. Ba2 Bg7 19. Qh4 Nd5 20. Nc3 Nce7 21. Nxd5 Nxd5 22. Bh6 f6
23. Bxg7 Kxg7 $11 {Milov,V - Karpov, An/Credit Suisse, Biel (05) 1997 and
Black has no problems at all.}) 16... Bg7 17. Nf3 (17. h4 Nf6) 17... b6 {
Black have a very comfortable position and could choose beetween a couple of
plans} (17... Nce7 $5 18. Bg5 f6 19. Rac1 Qb6 20. Bh4 Bd7) 18. Bg5 f6 19. Bh4
Nce7 20. Bg3 (20. Ba4 Nf5 21. Rac1 Qe7) 20... Qd7 {The position is almost
equal, and Vadim offered a draw. I refused, because White has no active plan
and has to play accurately.} 21. Re1 Bb7 22. Nc3 Nf5 23. Re2 (23. Bc4 $5 $11)
23... Re8 (23... Kh8 {Milov} 24. Nxd5 (24. Rae1 Nxc3 25. bxc3 e5 (25... Bd5 $5)
) (24. Ne4 e5 $5) 24... Bxd5 25. Bxd5 Qxd5 26. Qe4 $11) 24. Ne4 (24. Bc4 $1 $11
{was more precise. And it is difficult for Black to make progress}) (24. Rae1
Nxc3 25. bxc3 Bd5) 24... Bc6 {My plan was to exchange a pair of Bishops, then
a pair of Rooks and then the Queens - though I didn't think I'd be able to
achieve it without White's cooperation.} 25. Bc4 a6 26. Rc1 (26. b3 b5 27. Bxd5
Bxd5 28. Nc5 Qc6 $15) (26. Bxa6 $4 Rxa6 27. Qxa6 Bb5) 26... Bb5 27. Rec2 (27.
b3 Bc6 {/\b5}) 27... Bxc4 (27... Bh6 $2 28. Bxd5 $1 Bxd3 29. Nxf6+ Kh8 30. Nxd7
Bxc2 31. Be5+ $16) 28. Rxc4 Rec8 29. h3 $6 {Another careless move allowing
Black to make a little more progress with his plan.} (29. b3 $1 $11) 29... Rxc4
30. Qxc4 (30. Rxc4 Rc8 $15) 30... Qb5 31. Qc6 (31. b3 Qxc4 32. bxc4 Rc8 $1)
31... Qxc6 32. Rxc6 Kf7 $15 {So, Black got there all the same!. His advantage
is based on the poor position of Bg3 and Nf3. However,White still has good
defensive resources} 33. Bh2 (33. Kf1 $5 Ke7 34. Ke2 Kd7 35. Rc2) 33... Ke7 34.
g4 (34. Kf1 $5) 34... Kd7 35. Rc2 Nfe7 36. Nd6 $2 {White doesn't see the
danger. I was worried about} (36. g5 $1 f5 (36... Nc6 37. gxf6 Bxf6 38. Nxf6+
Nxf6 39. Ne5+ Nxe5 40. Bxe5 Nd5 41. Kg2 $15) 37. Nf6+ Nxf6 38. Rc7+ Kd8 39.
gxf6 Bxf6 40. Rb7 $44 {with full compensation for a pawn}) 36... g5 $17 37. h4
$2 (37. Ne4 Ng6 $17) 37... gxh4 38. Nxh4 (38. Ne4 Ng6 39. Kg2 $19) 38... Nc6
39. Nf3 Rg8 $1 40. Kf1 (40. Ne4 Bh6 (40... Bf8 41. g5 h6) 41. g5 Bxg5 $19)
40... Bf8 41. Nc4 Rxg4 {Black has an extra pawn and better position, so the
rest is not difficult.} 42. Ne3 Re4 (42... Nxe3+ 43. fxe3 Bh6 44. Rc3 Ne7 $5) (
42... Nxd4 43. Nxd5 exd5 44. Nxd4 Rxd4 45. Rc7+ Ke8 46. Rc6) 43. Nxd5 exd5 44.
Rc3 Be7 45. Rd3 h5 46. Bg3 Bd8 (46... b5 $5) 47. a4 b5 48. axb5 axb5 49. Rd1
Bb6 50. Kg2 Nxd4 (50... Nxd4 51. Nxd4 Rxd4 52. Rh1 Rb4 53. Rxh5 Ke6 $19) 0-1

[Event "Goodricke op 13th"]
[Site "Kolkata"]
[Date "2002.03.25"]
[Round "9"]
[White "Sasikiran, Krishnan"]
[Black "Yegiazarian, Arsen"]
[Result "1-0"]
[WhiteElo "2569"]
[BlackElo "2567"]
[Annotator "Hecht,H"]
[PlyCount "100"]
[EventDate "2002.03.17"]
[EventType "swiss"]
[EventRounds "11"]
[EventCountry "IND"]
[SourceTitle "CBM 088"]
[Source "ChessBase"]
[SourceDate "2002.03.21"]
[SourceVersion "1"]
[SourceVersionDate "2002.03.21"]
[SourceQuality "1"]

1. d4 Nf6 2. c4 e6 3. Nc3 Bb4 4. e3 c5 5. Bd3 O-O 6. Nge2 d5 7. cxd5 cxd4 8.
exd4 Nxd5 9. O-O Nc6 10. a3 Be7 11. Bc2 g6 12. Bh6 Re8 13. Re1 Bf6 14. Ne4 Bg7
15. Qd2 b6 16. Bg5 f6 17. Bh4 Nce7 18. N4c3 Bb7 19. Bg3 Nf5 20. Bxf5 exf5 21.
Nxd5 Qxd5 22. f3 Rad8 23. Bf2 Bf8 24. Nc3 Rxe1+ 25. Rxe1 Qf7 26. d5 Bd6 27. Bg3
Bc5+ 28. Kh1 Re8 29. b4 Rxe1+ 30. Bxe1 Bf8 31. Bg3 Qd7 32. h4 Kf7 33. Qd4 h6
34. d6 g5 35. Nd5 Bxd5 36. Qxd5+ {Starker Bd6 nach fehlerhaftem Ausweichen des
schwarzen Königs} Ke8 $2 (36... Kg7 $1 {[%csl Rd6][%cal Yf5f4]} 37. Bf2 Bxd6
38. Bc5 bxc5 39. bxc5 Qe7 $11) 37. hxg5 hxg5 38. Qg8 $1 {[%csl Rf6][%cal Yg8g6,
Yg6f6]} g4 (38... f4 39. Qg6+ Kd8 (39... Qf7 40. d7+ $18) 40. Qxf6+ Ke8 41.
Qg6+ Kd8 42. Qxg5+ $18) (38... Qf7 39. Qxf7+ Kxf7 40. d7 Ke7 41. Bd6+ $18) 39.
Qg6+ Kd8 40. Qxf6+ Ke8 41. Qg6+ Kd8 42. Be5 gxf3 43. gxf3 Kc8 44. Qg8 Qe8 45.
Qd5 Qh5+ 46. Kg2 Kd7 47. Bg3 Qg6 48. Qb7+ Ke6 49. Qc8+ Kf7 50. d7 Bd6 1-0